[Event "Brno /Olexa/"]
[Site "Brno"]
[Date "2023.12.29"]
[Round "5"]
[White "Smistik, Milan"]
[Black "Havelka, Ondrej"]
[Result "0-1"]
[WhiteElo "2298"]
[BlackElo "2155"]
[PlyCount "174"]
[EventDate "2023.12.??"]
[EventType "tourn"]
[EventRounds "7"]

{[%evp 0,106,19,21,63,65,56,33,41,33,33,33,33,31,40,5,32,17,-1,-10,-1,12,12,
-11,-7,-33,16,-1,22,18,29,12,46,16,11,2,2,11,2,2,0,-18,0,-9,-2,-3,-4,-11,-11,
-13,2,2,3,-2,4,-6,0,-5,-5,-9,-4,-5,-1,-57,-49,-57,-61,-75,-62,-57,-60,-52,-33,
-55,-55,-55,-30,-58,-28,-49,-7,-36,19,19,19,0,47,0,91,-25,-10,-38,-38,-38,-38,
-49,-41,-46,-53,-53,-62,-76,-76,-96,-76,-103,-103,-103,-103]} 1. e4 c6 2. d4 d5
3. Nc3 dxe4 4. Nxe4 Nf6 5. Nxf6+ exf6 6. Nf3 Bd6 7. Be3 Be6 8. Nd2 Nd7 9. Ne4
Nb6 10. Nxd6+ Qxd6 11. Qd2 O-O 12. Be2 Rfd8 13. O-O Nc4 14. Bxc4 Bxc4 15. Rfe1
h5 16. Qd1 g6 17. Qf3 Bd5 18. Qf4 Qxf4 19. Bxf4 Be6 20. Rad1 a5 21. a4 Rd7 22.
Be3 b5 23. Ra1 b4 24. Rac1 Rb8 25. h4 Kh7 26. Red1 Bd5 27. Rd2 Rbb7 28. Bf4 Rd8
29. Re1 Be6 30. Be3 Rd5 31. f4 Kg8 32. Rc1 Rd8 33. Rd3 Bc4 34. Rdd1 Bd5 35. Re1
Be6 36. Re2 Kf8 37. Kf2 Ke7 38. g3 Kd6 39. Rd2 Bc4 40. Re1 Kd5 41. b3 Ba6 42.
Rdd1 Rbb8 43. Bc1 Bc8 44. Re7 $2 Be6 45. Ra7 Ra8 46. Rxa8 Rxa8 47. Be3 Ke4 48.
Re1 Kf5 49. Bd2 Rd8 50. Be3 Kg4 51. Rd1 Rd5 52. Rc1 Rd7 53. Rd1 Bf5 54. Rd2 Rd5
55. Re2 Be4 56. Rd2 g5 57. fxg5 Rf5+ 58. Ke1 Kxg3 59. Rf2 Bf3 60. gxf6 Rxf6 61.
Bg5 Re6+ 62. Kf1 f6 63. Bd2 Re4 64. Be1 Kg4 65. Rd2 Re3 66. Rf2 f5 67. Bd2 f4
68. c3 Rd3 69. cxb4 axb4 70. Bxb4 Rxb3 71. Be1 Bd5 72. Rc2 Rd3 73. Bf2 Rd1+ 74.
Be1 Rxd4 75. a5 Ra4 76. Rb2 Ra1 77. Rc2 Be4 78. Rb2 c5 79. Kf2 Kxh4 80. Re2 Ra4
81. a6 Kg4 82. a7 Kf5 83. Rb2 Rxa7 84. Rb5 Ra2+ 85. Kg1 Rg2+ 86. Kf1 Bd3+ 87.
Kxg2 Bxb5 0-1

[Event "Brno /Olexa/"]
[Site "Brno"]
[Date "2023.12.29"]
[Round "5"]
[White "Wuensch, Radek"]
[Black "Husek, Martin"]
[Result "0-1"]
[WhiteElo "1974"]
[BlackElo "2233"]
[PlyCount "84"]
[EventDate "2023.12.??"]
[EventType "tourn"]
[EventRounds "7"]

1. e4 c5 2. Nf3 e6 3. b3 b6 4. Bd3 Bb7 5. O-O d6 6. Bb2 Nd7 7. Re1 e5 8. c3 g6
9. Bc2 Bg7 10. d4 exd4 11. cxd4 Ne7 12. Nbd2 Qc7 13. Nc4 O-O 14. dxc5 dxc5 15.
Bxg7 Kxg7 16. Qd2 Rad8 17. Rad1 Nc6 18. Qc3+ f6 19. e5 fxe5 20. Ng5 Rfe8 21.
Nd6 Re7 22. Nxb7 Qxb7 23. Be4 Qc7 24. Bxc6 Qxc6 25. f4 Qf6 26. fxe5 Qxg5 27.
e6+ Qf6 28. Qxf6+ Kxf6 29. exd7 Rxe1+ 30. Rxe1 Rxd7 31. Re2 Rd5 32. Kf2 Rf5+
33. Kg3 Rf1 34. Re8 Ra1 35. Re2 Rc1 36. h3 b5 37. Re8 Rc3+ 38. Kh2 c4 39. bxc4
Rxc4 40. Rb8 Rb4 41. Rb7 a5 42. Kg3 Rb2 0-1

[Event "Brno /Olexa/"]
[Site "Brno"]
[Date "2023.12.29"]
[Round "5"]
[White "Holemar, David"]
[Black "Hrdlicka, Vladan"]
[Result "1-0"]
[WhiteElo "2196"]
[BlackElo "1799"]
[PlyCount "43"]
[EventDate "2023.12.??"]
[EventType "tourn"]
[EventRounds "7"]

1. Nf3 d5 2. e3 Nf6 3. c4 c6 4. Nc3 a6 5. Qc2 Bg4 6. Ne5 Bh5 7. cxd5 Nxd5 8.
Qb3 Qb6 9. Qc2 e6 10. Nxd5 exd5 11. Qf5 Bg6 12. Qc8+ Qd8 13. Qxb7 Bd6 14. Nxg6
hxg6 15. Qxa8 Qb6 16. Bxa6 Rh4 17. Qb7 Qxa6 18. Qxa6 Nxa6 19. d4 Nb4 20. Ke2 c5
21. dxc5 Bxc5 22. Bd2 1-0

[Event "Brno /Olexa/"]
[Site "Brno"]
[Date "2023.12.29"]
[Round "5"]
[White "Svobodova, Michaela"]
[Black "Vanek, Ladislav"]
[Result "1/2-1/2"]
[WhiteElo "1981"]
[BlackElo "2145"]
[PlyCount "48"]
[EventDate "2023.12.??"]
[EventType "tourn"]
[EventRounds "7"]

1. e4 d5 2. exd5 Qxd5 3. Nc3 Qd8 4. d4 Nf6 5. Nf3 Bg4 6. h3 Bxf3 7. Qxf3 c6 8.
g4 e6 9. g5 Nd5 10. Nxd5 Qxd5 11. Qxd5 cxd5 12. Bd3 Nc6 13. c3 Rc8 14. Be3 a6
15. Ke2 h6 16. gxh6 g6 17. h4 Bxh6 18. f4 Bg7 19. h5 gxh5 20. Rh3 Kd7 21. Rah1
Rcg8 22. Rxh5 Rxh5 23. Rxh5 Bf6 24. Kf3 Ke7 {(R)} 1/2-1/2

[Event "Brno /Olexa/"]
[Site "Brno"]
[Date "2023.12.29"]
[Round "5"]
[White "Stary, Simon"]
[Black "Jires, Jiri"]
[Result "1/2-1/2"]
[WhiteElo "1826"]
[BlackElo "2138"]
[PlyCount "30"]
[EventDate "2023.12.??"]
[EventType "tourn"]
[EventRounds "7"]

1. e4 c5 2. Nf3 Nc6 3. d4 cxd4 4. Nxd4 e5 5. Nb5 d6 6. N1c3 a6 7. Na3 Be6 8.
Nc4 Rb8 9. a4 Nb4 10. Be3 Qc7 11. Bb6 Qc6 12. Ba5 Nxc2+ 13. Qxc2 Bxc4 14. Bxc4
Qxc4 15. Qe2 Qc5 1/2-1/2

[Event "Brno /Olexa/"]
[Site "Brno"]
[Date "2023.12.29"]
[Round "5"]
[White "Schmid, Jaroslav"]
[Black "Branka, Julia"]
[Result "0-1"]
[WhiteElo "1914"]
[BlackElo "1466"]
[PlyCount "64"]
[EventDate "2023.12.??"]
[EventType "tourn"]
[EventRounds "7"]

1. e4 c5 2. Nf3 g6 3. d4 cxd4 4. Qxd4 Nf6 5. Nc3 Nc6 6. Qd3 Bg7 7. Be2 O-O 8.
O-O d6 9. h3 b6 10. a3 Bb7 11. Bf4 Rc8 12. Qd2 Na5 13. Bd3 Nc4 14. Bxc4 Rxc4
15. Qd3 Qc8 16. Nd2 Rc7 17. e5 dxe5 18. Bxe5 Rd7 19. Qe3 Qc6 20. Nf3 Rfd8 21.
Rac1 Qe6 22. Rfe1 Qf5 23. Nh2 Qh5 24. Nf1 Bh6 25. Bf4 g5 26. Qg3 Kh8 27. Be3
Rg8 28. f3 g4 29. hxg4 Nxg4 30. Bxh6 Nxh6 31. Re5 Nf5 32. Qf4 Bxf3 0-1

[Event "Brno /Olexa/"]
[Site "Brno"]
[Date "2023.12.29"]
[Round "5"]
[White "Matzner, Radomil"]
[Black "Pribyl, Rene"]
[Result "0-1"]
[WhiteElo "1740"]
[BlackElo "1855"]
[PlyCount "100"]
[EventDate "2023.12.??"]
[EventType "tourn"]
[EventRounds "7"]

1. e4 e5 2. Nf3 Nf6 3. Nc3 Nc6 4. Bb5 Bb4 5. O-O O-O 6. d3 d6 7. h3 h6 8. Be3
Bd7 9. a3 Ba5 10. b4 Bb6 11. Bxb6 axb6 12. Nd5 Nxd5 13. exd5 Ne7 14. Bxd7 Qxd7
15. c4 c6 16. dxc6 bxc6 17. Qc2 f6 18. d4 b5 19. dxe5 dxe5 20. Rad1 Qf5 21.
Qxf5 Nxf5 22. cxb5 cxb5 23. Rd5 Rfb8 24. g4 Ne7 25. Rd7 Kf8 26. Rc1 Rd8 27. Rb7
Rdb8 28. Rcc7 Rxb7 29. Rxb7 Rxa3 30. Nh4 Rxh3 31. Nf5 Nxf5 32. gxf5 Rf3 33.
Rxb5 Rxf5 34. Rb8+ Ke7 35. b5 Kd7 36. b6 Kc6 37. b7 Kc7 38. Re8 Kxb7 39. Kf1
Rg5 40. Rd8 Kc6 41. Rd3 Rg4 42. Ke2 h5 43. Rh3 h4 44. f3 Ra4 45. Ke3 Kd6 46.
Kd3 g5 47. Ke3 f5 48. Kf2 Ra2+ 49. Ke3 e4 50. Kd4 Ra3 0-1

[Event "Brno /Olexa/"]
[Site "Brno"]
[Date "2023.12.29"]
[Round "5"]
[White "Veznik, Michael"]
[Black "Cisar, Jiri"]
[Result "1-0"]
[WhiteElo "1774"]
[BlackElo "1646"]
[PlyCount "77"]
[EventDate "2023.12.??"]
[EventType "tourn"]
[EventRounds "7"]

1. e4 c5 2. Nf3 d6 3. c3 Nc6 4. d4 cxd4 5. cxd4 Nf6 6. Nc3 g6 7. Be2 Bg7 8. O-O
O-O 9. h3 a6 10. a3 Bd7 11. b4 Rc8 12. Qd3 b5 13. Be3 Rc7 14. Rac1 Qb8 15. Rc2
Rfc8 16. Rfc1 Qb7 17. Qd2 e5 18. d5 Ne7 19. Bd3 h5 20. Ng5 Nh7 21. Nxh7 Kxh7
22. Ne2 f5 23. f3 Bf6 24. Kh1 f4 25. Bf2 h4 26. Rc3 Rxc3 27. Rxc3 Rxc3 28. Qxc3
Nc8 29. Nxf4 Bd8 30. Ne2 g5 31. Be3 Kg6 32. Qc1 Qc7 33. Bxg5 Qxc1+ 34. Bxc1 Bb6
35. f4 a5 36. Bd2 a4 37. Kh2 Bf2 38. g4 Nb6 39. Kg2 1-0

[Event "Brno /Olexa/"]
[Site "Brno"]
[Date "2023.12.29"]
[Round "5"]
[White "Teply, Jan"]
[Black "Neduchal, Jiri"]
[Result "0-1"]
[WhiteElo "1297"]
[BlackElo "1766"]
[PlyCount "98"]
[EventDate "2023.12.??"]
[EventType "tourn"]
[EventRounds "7"]

1. e4 b6 2. d4 Bb7 3. Nc3 e6 4. Bd3 Nf6 5. Bg5 h6 6. Bh4 Bb4 7. f3 g5 8. Bf2 d5
9. e5 Nfd7 10. Nge2 Be7 11. Qd2 c5 12. Ng3 cxd4 13. Bxd4 Nc6 14. Bb5 Qc7 15.
Qe3 Nxd4 16. Qxd4 Bc5 17. Bxd7+ Kxd7 18. Qd3 Qxe5+ 19. Qe2 Qxe2+ 20. Kxe2 h5
21. Kd2 Rac8 22. a3 Ba6 23. h4 Bf2 24. Nge2 gxh4 25. Raf1 Bg3 26. Nxg3 hxg3 27.
Re1 h4 28. Rh3 Rh7 29. Reh1 Rch8 30. Ne2 Bxe2 31. Kxe2 e5 32. Ke3 f5 33. c3 Ke6
34. Rd1 Rc8 35. Rdh1 Rch8 36. Rd1 f4+ 37. Ke2 Rd7 38. Rdh1 Rdh7 39. Rd1 b5 40.
Rdh1 Kd6 41. Kd3 Kc5 42. Re1 Rh5 43. Rhh1 h3 44. gxh3 Rxh3 45. Rhg1 R8h5 46.
Rg2 Rh2 47. Ree2 Rxg2 48. Rxg2 Rh2 49. Rg1 Rf2 0-1

[Event "Brno /Olexa/"]
[Site "Brno"]
[Date "2023.12.29"]
[Round "5"]
[White "Velim, Vojtech"]
[Black "Timko, Daniel"]
[Result "1-0"]
[WhiteElo "1765"]
[BlackElo "1565"]
[PlyCount "55"]
[EventDate "2023.12.??"]
[EventType "tourn"]
[EventRounds "7"]

1. Nf3 Nf6 2. c4 c5 3. Nc3 g6 4. e3 Bg7 5. Be2 O-O 6. d4 cxd4 7. exd4 d5 8. Bg5
e6 9. O-O a6 10. cxd5 exd5 11. Qb3 Nc6 12. Rad1 Ne7 13. Rfe1 b6 14. Ne5 Bb7 15.
Na4 Nc8 16. Ng4 Qd6 17. Bxf6 Bxf6 18. Qg3 Bd8 19. Bf3 Qb4 20. Nc3 Ne7 21. Nf6+
Kh8 22. Nd7 Nf5 23. Qf4 Rg8 24. g4 Qd6 25. Ne5 Qc7 26. gxf5 gxf5+ 27. Kh1 Bg5
28. Ng6+ 1-0

[Event "Brno /Olexa/"]
[Site "Brno"]
[Date "2023.12.29"]
[Round "5"]
[White "Blata, Frantisek"]
[Black "Slegl, Milan"]
[Result "1-0"]
[WhiteElo "1732"]
[BlackElo "1456"]
[PlyCount "84"]
[EventDate "2023.12.??"]
[EventType "tourn"]
[EventRounds "7"]

{[%evp 0,77,41,28,24,-20,-10,-4,-11,-3,45,40,40,19,59,30,23,13,58,54,78,18,32,
32,40,15,57,36,57,53,77,16,73,64,57,56,86,87,87,66,108,84,82,57,57,76,76,32,21,
23,37,0,22,22,22,-10,21,-41,-15,-14,-16,-49,-12,-47,-10,-41,-24,-43,-38,-49,
-34,-52,-50,-52,-39,-52,-52,-52,-51,-47]} 1. d4 Nf6 2. c4 e6 3. Nc3 d5 4. Nf3
c6 5. e3 Nbd7 6. Be2 dxc4 7. a4 Bb4 8. Bxc4 Nb6 9. Bd3 Nbd5 10. Qc2 Ba5 11. Qb3
Nb4 12. Bb1 Qb6 13. O-O O-O 14. Ne5 Qc7 15. Nc4 Nbd5 16. Nxa5 Qxa5 17. Bd2 Qb6
18. Qxb6 Nxb6 19. Bd3 Nbd7 20. Rfd1 a5 21. Be2 e5 22. dxe5 Nxe5 23. f3 Be6 24.
Be1 Rfd8 25. Bf2 Bb3 26. Rxd8+ Rxd8 27. Be1 b6 28. Kf2 Nd3+ 29. Bxd3 Rxd3 30.
g4 h6 31. h3 Kf8 32. Ke2 Rd7 33. Bf2 c5 34. h4 g5 35. Rh1 Kg7 36. hxg5 hxg5 37.
Bg3 Bc4+ 38. Ke1 Nd5 39. Nxd5 Rxd5 40. Bc7 Rd3 41. Kf2 Rd2+ 42. Kg3 {[#]} Rxb2
$4 1-0

[Event "Brno /Olexa/"]
[Site "Brno"]
[Date "2023.12.29"]
[Round "5"]
[White "Divis, Jan"]
[Black "Petran, Tomas"]
[Result "1/2-1/2"]
[WhiteElo "1536"]
[BlackElo "1730"]
[PlyCount "33"]
[EventDate "2023.12.??"]
[EventType "tourn"]
[EventRounds "7"]

1. d4 d5 2. Bf4 e6 3. e3 c5 4. c3 Nf6 5. Nd2 Nc6 6. h3 cxd4 7. exd4 Bd6 8. Bxd6
Qxd6 9. Ngf3 O-O 10. Be2 a6 11. O-O Bd7 12. Re1 h6 13. Bf1 b5 14. Ne5 Qc7 15.
Nxc6 Bxc6 16. a3 a5 17. Nf3 1/2-1/2

[Event "Brno /Olexa/"]
[Site "Brno"]
[Date "2023.12.29"]
[Round "5"]
[White "Stara, Zuzana"]
[Black "Prochazka, Marek"]
[Result "1-0"]
[WhiteElo "1691"]
[BlackElo "1133"]
[PlyCount "63"]
[EventDate "2023.12.??"]
[EventType "tourn"]
[EventRounds "7"]

1. e4 e5 2. Nf3 Nc6 3. Bb5 Nf6 4. d3 d6 5. c3 Bd7 6. Nbd2 a6 7. Ba4 b5 8. Bb3
Na5 9. Bc2 Be7 10. Nf1 c6 11. h3 Qc7 12. g4 d5 13. Ng3 g6 14. Bh6 O-O-O 15. Qe2
dxe4 16. dxe4 Nc4 17. Bb3 Nd6 18. O-O Bf8 19. Bg5 Nde8 20. a4 h6 21. Be3 Kb7
22. axb5 cxb5 23. c4 Bc5 24. Rfc1 Bxe3 25. Qxe3 Qb6 26. c5 Qc7 27. Bd5+ Bc6 28.
Bxc6+ Qxc6 29. Nxe5 Qe6 30. c6+ Kc7 31. Qa7+ Kd6 32. Nxf7+ 1-0

[Event "Brno /Olexa/"]
[Site "Brno"]
[Date "2023.12.29"]
[Round "5"]
[White "Rampulova, Marketa"]
[Black "Branka, Natalia"]
[Result "1-0"]
[WhiteElo "1260"]
[BlackElo "1032"]
[PlyCount "79"]
[EventDate "2023.12.??"]
[EventType "tourn"]
[EventRounds "7"]

1. e4 e5 2. Nf3 Nc6 3. d4 exd4 4. Nxd4 Nf6 5. Nxc6 bxc6 6. Bd3 Bc5 7. O-O O-O
8. e5 Nd5 9. a3 d6 10. c4 Ne7 11. b4 Bb6 12. Bb2 Ng6 13. Nd2 Qg5 14. Nf3 Qg4
15. Bc1 f6 16. h3 Qg3 17. c5 Qxf3 18. Qxf3 dxc5 19. Bxg6 hxg6 20. Qxc6 Bf5 21.
g4 Bd3 22. Qd5+ Kh8 23. Qxd3 cxb4 24. axb4 Kh7 25. Be3 Bxe3 26. fxe3 Rad8 27.
Qc3 Rc8 28. Rxa7 Rf7 29. exf6 gxf6 30. h4 Kg7 31. g5 Kh7 32. Rf2 f5 33. h5 gxh5
34. Rg2 Kg6 35. Qc6+ Kg7 36. Qh6+ Kg8 37. Qe6 h4 38. g6 h3 39. Qxf7+ Kh8 40.
Qh7# 1-0

[Event "Brno /Olexa/"]
[Site "Brno"]
[Date "2023.12.29"]
[Round "5"]
[White "Carbonai, Gabriele"]
[Black "Vindis, Patrik"]
[Result "1-0"]
[WhiteElo "1228"]
[BlackElo "1071"]
[PlyCount "43"]
[EventDate "2023.12.??"]
[EventType "tourn"]
[EventRounds "7"]

1. e4 d6 2. d4 c6 3. Nf3 Nf6 4. Nc3 Nbd7 5. Bf4 Nb6 6. h3 e6 7. Qe2 Be7 8.
O-O-O O-O 9. e5 Nfd5 10. Nxd5 Nxd5 11. Bd2 dxe5 12. dxe5 b5 13. h4 f6 14. exf6
Bxf6 15. Ng5 Re8 16. Qh5 Bxg5 17. hxg5 h6 18. gxh6 Nf6 19. Qg6 Qe7 20. Bg5 Bb7
21. hxg7 Rad8 22. Rh8# 1-0

[Event "Brno /Olexa/"]
[Site "Brno"]
[Date "2023.12.29"]
[Round "5"]
[White "Levchenko, Alisa"]
[Black "Borovickova, Eva"]
[Result "1/2-1/2"]
[WhiteElo "1178"]
[BlackElo "1238"]
[PlyCount "121"]
[EventDate "2023.12.??"]
[EventType "tourn"]
[EventRounds "7"]

1. d4 e5 2. dxe5 Nc6 3. Nf3 Qe7 4. g3 Nxe5 5. Nxe5 Qxe5 6. Bg2 Nf6 7. O-O Bc5
8. Nc3 O-O 9. Bf4 Qh5 10. e3 Qxd1 11. Rfxd1 d6 12. Nb5 Bb6 13. h3 a6 14. Nc3 h6
15. e4 Re8 16. Nd5 Nxd5 17. Rxd5 Be6 18. Rdd1 Rad8 19. e5 d5 20. c4 c6 21. cxd5
cxd5 22. Re1 Rc8 23. Rac1 Rc6 24. Red1 Rec8 25. b4 Rxc1 26. Bxc1 Rc2 27. Be3
Bxe3 28. fxe3 b5 29. Bxd5 Bxd5 30. Rxd5 Rxa2 31. Rd6 Ra1+ 32. Kf2 Kf8 33. Rd7
Ra2+ 34. Kf3 Rb2 35. Ra7 Ra2 36. g4 Ra4 37. h4 Rxb4 38. Rxa6 Rb1 39. Rb6 b4 40.
h5 b3 41. Kf4 b2 42. Ke4 Rg1 43. Rxb2 Rxg4+ 44. Kf5 Rg5+ 45. Kf4 Rxh5 46. Rg2
g6 47. Rg4 Ke7 48. e4 Ke6 49. Kf3 Rxe5 50. Rh4 Rh5 51. Rg4 Ke5 52. Rf4 {[#]}
Rh3+ 53. Kg4 Rh5 $2 54. Rxf7 Rg5+ 55. Kh4 Kxe4 56. Rf1 Ke3 57. Rf6 {[#]} Rf5
58. Rxg6 h5 59. Rg5 Rf4+ 60. Kxh5 Kf3 61. Kg6 1/2-1/2

[Event "Brno /Olexa/"]
[Site "Brno"]
[Date "2023.12.30"]
[Round "6"]
[White "Havelka, Ondrej"]
[Black "Holemar, David"]
[Result "1/2-1/2"]
[WhiteElo "2155"]
[BlackElo "2196"]
[PlyCount "24"]
[EventDate "2023.12.??"]
[EventType "tourn"]
[EventRounds "7"]

1. d4 Nf6 2. c4 c5 3. d5 b5 4. cxb5 a6 5. f3 e6 6. e4 exd5 7. e5 Qe7 8. Qe2 Ng8
9. Nc3 Bb7 10. Nh3 c4 11. Nf4 Qc5 12. Nfxd5 Bxd5 {(R)} 1/2-1/2

[Event "Brno /Olexa/"]
[Site "Brno"]
[Date "2023.12.30"]
[Round "6"]
[White "Husek, Martin"]
[Black "Branka, Julia"]
[Result "1-0"]
[WhiteElo "2233"]
[BlackElo "1466"]
[PlyCount "143"]
[EventDate "2023.12.??"]
[EventType "tourn"]
[EventRounds "7"]

1. e4 c5 2. Nf3 g6 3. d4 cxd4 4. Nxd4 Nc6 5. c4 Nf6 6. Nc3 d6 7. Be2 Nxd4 8.
Qxd4 Bg7 9. Be3 O-O 10. Qd2 a5 11. f3 a4 12. Rb1 Qa5 13. O-O Be6 14. Rfc1 Rfc8
15. b4 axb3 16. axb3 Qb4 17. Qc2 Ra3 18. Na4 Qa5 19. Bb6 Qg5 20. Qb2 Nh5 21.
Qxa3 Rc6 {[#]} 22. Bf2 $2 Nf4 23. Kf1 Qxg2+ 24. Ke1 Bd4 25. Qa2 Qxf2+ 26. Kd1
Nd3 27. Qd2 Nxc1 28. Qxc1 Qg1+ 29. Kc2 Qxh2 30. Kd3 Be5 31. Qg1 Qxg1 32. Rxg1
h5 33. Ke3 Kh7 34. f4 Bf6 35. Bd3 Bd7 36. c5 dxc5 37. e5 Bg7 38. Rc1 Kh6 39.
Be4 Rc7 40. Rxc5 Rxc5 41. Nxc5 Bc6 42. Nxb7 Bb5 43. Nd8 f6 44. e6 f5 45. Bc6
Ba6 46. b4 Bf6 47. b5 Bxb5 48. Bxb5 g5 49. Nf7+ Kg6 50. fxg5 Bxg5+ 51. Kf3 h4
52. Bc4 Bc1 53. Ne5+ Kf6 54. Nc6 Bg5 55. Kg2 f4 56. Nd8 Ke5 57. Nf7+ Kf6 58.
Bf1 Kf5 59. Nxg5 Kxg5 60. Kf3 Kf5 61. Bh3+ Ke5 62. Bg4 Kf6 63. Kxf4 Kg6 64. Bh3
Kf6 65. Bf5 Kg7 66. Kg5 Kg8 67. Kxh4 Kg7 68. Kg5 Kg8 69. Kg6 Kf8 70. Kh7 Ke8
71. Kg7 Kd8 72. Kf7 1-0

[Event "Brno /Olexa/"]
[Site "Brno"]
[Date "2023.12.30"]
[Round "6"]
[White "Jires, Jiri"]
[Black "Svobodova, Michaela"]
[Result "1-0"]
[WhiteElo "2138"]
[BlackElo "1981"]
[PlyCount "107"]
[EventDate "2023.12.??"]
[EventType "tourn"]
[EventRounds "7"]

1. e4 e5 2. Nf3 Nf6 3. Nxe5 d6 4. Nf3 Nxe4 5. d4 d5 6. Bd3 Bf5 7. O-O Be7 8.
Re1 O-O 9. Nbd2 Nd6 10. Nf1 Re8 11. Bf4 Bxd3 12. Qxd3 Nd7 13. Ng3 Nf6 14. Re2
Bf8 15. Ne5 c6 16. Rae1 Qa5 17. a3 Qb5 18. Qxb5 Nxb5 19. Nd7 Re6 20. Rxe6 fxe6
21. Nxf8 Kxf8 22. c3 Ke7 23. Nf5+ Kf7 24. Nh4 Rd8 25. Nf3 h6 26. Ne5+ Ke7 27.
Nd3 b6 28. f3 Rc8 29. Be5 c5 30. dxc5 bxc5 31. Kf2 Rc6 32. a4 Nd6 33. b4 cxb4
34. cxb4 Rc2+ 35. Re2 Rxe2+ 36. Kxe2 Nc4 37. Bd4 Nb6 38. a5 Nc8 39. Bc5+ Kd8
40. Bf8 Ne8 41. Nc5 e5 42. Ne6+ Kd7 43. Nxg7 Nc7 44. Nh5 Kc6 45. Bxh6 Kb5 46.
Bg7 Na6 47. Bxe5 Nxb4 48. Nf6 Kxa5 49. h4 Kb5 50. h5 a5 51. h6 Ne7 52. Ng8 Ng6
53. h7 Kc4 54. Ne7 1-0

[Event "Brno /Olexa/"]
[Site "Brno"]
[Date "2023.12.30"]
[Round "6"]
[White "Pribyl, Rene"]
[Black "Vanek, Ladislav"]
[Result "0-1"]
[WhiteElo "1855"]
[BlackElo "2145"]
[PlyCount "70"]
[EventDate "2023.12.??"]
[EventType "tourn"]
[EventRounds "7"]

1. d4 d5 2. c4 e5 3. dxe5 Ne7 4. cxd5 Qxd5 5. Qxd5 Nxd5 6. e4 Nb4 7. Na3 Be6 8.
b3 Nd7 9. f4 Nc5 10. Bd2 Nxe4 11. Nf3 O-O-O 12. Rd1 Nd5 13. Nc2 Nxd2 14. Rxd2
Nxf4 15. Rxd8+ Kxd8 16. Ng5 Bc5 17. g3 Ng6 18. b4 Bb6 19. Nxe6+ fxe6 20. a4 a5
21. Bg2 axb4 22. Bxb7 Nxe5 23. Kd1 Nd3 24. Kd2 Nc5 25. Bc6 Ke7 26. Kc1 b3 27.
Na3 Rd8 28. Nc4 Rd4 29. Nb2 Kd6 30. Bb5 c6 31. Bc4 Ba5 32. Rd1 Ke5 33. Bd3 Bc3
34. Nc4+ Kf6 35. Be2 Nxa4 0-1

[Event "Brno /Olexa/"]
[Site "Brno"]
[Date "2023.12.30"]
[Round "6"]
[White "Veznik, Michael"]
[Black "Smistik, Milan"]
[Result "0-1"]
[WhiteElo "1774"]
[BlackElo "2298"]
[PlyCount "112"]
[EventDate "2023.12.??"]
[EventType "tourn"]
[EventRounds "7"]

1. e4 c5 2. Nf3 d6 3. Nc3 Nf6 4. Bb5+ Nc6 5. O-O Bd7 6. d4 cxd4 7. Nxd4 g6 8.
Be3 Bg7 9. Kh1 a6 10. Nxc6 Bxc6 11. Bxc6+ bxc6 12. f4 Qc7 13. Qf3 O-O 14. Bd4
Qb7 15. e5 Nd7 16. Rae1 Qxb2 17. Qxc6 dxe5 18. fxe5 Rad8 19. Qe4 e6 20. Rb1 Qa3
21. Qe3 Rc8 22. Rb3 Qa5 23. Re1 Rc4 24. Re2 Rfc8 25. h3 Nxe5 26. Bxe5 Bxe5 27.
Qxe5 Qxe5 28. Rxe5 Rxc3 29. Ra5 Rxc2 30. Rxa6 Rd8 31. a4 Ra2 32. Ra7 Rd1+ 33.
Kh2 Rdd2 34. Rg3 h5 35. a5 Rf2 36. a6 Rf4 37. Rb3 Rff2 38. Kg3 Rxg2+ 39. Kf4
Ra5 40. Ra8+ Kg7 41. Rbb8 Rga2 42. Rb6 Rc2 43. a7 Rc4+ 44. Ke3 Ra3+ 45. Kd2 Rc7
46. Rg8+ Kxg8 47. Rb8+ Kg7 48. a8=Q Rxa8 49. Rxa8 Rc4 50. Ra3 Re4 51. Rg3 f5
52. Kd3 Kf6 53. Rf3 h4 54. Rf1 Ra4 55. Ke2 Ra2+ 56. Kf3 Rh2 0-1

[Event "Brno /Olexa/"]
[Site "Brno"]
[Date "2023.12.30"]
[Round "6"]
[White "Neduchal, Jiri"]
[Black "Wuensch, Radek"]
[Result "0-1"]
[WhiteElo "1766"]
[BlackElo "1974"]
[PlyCount "58"]
[EventDate "2023.12.??"]
[EventType "tourn"]
[EventRounds "7"]

{[%evp 0,58,40,12,15,23,24,5,37,23,14,33,11,1,18,-21,6,-8,4,-11,12,0,-7,17,11,
11,11,13,24,28,28,50,72,49,82,-12,-3,-86,-96,-163,-152,-163,-163,-185,-164,
-543,-311,-311,-289,-299,-299,-322,-365,-354,-313,-313,-299,-332,-339,-387,
-365]} 1. Nf3 d5 2. d4 Nf6 3. e3 c5 4. c3 Qb6 5. Bd3 Nc6 6. Nbd2 Bg4 7. O-O e6
8. Qe2 Be7 9. dxc5 Qxc5 10. e4 Bxf3 11. Nxf3 dxe4 12. Bxe4 Nxe4 13. Qxe4 Bf6
14. Be3 {(R)} Qh5 15. Rad1 O-O 16. Rd7 Qb5 17. Rd2 Rfd8 18. Rfd1 Qxb2 19. Rxd8+
Rxd8 20. Rxd8+ Bxd8 21. h3 Qxc3 22. Ng5 Bxg5 23. Bxg5 Qa1+ 24. Kh2 Qxa2 25. Qf3
h6 26. Be3 Qd5 27. Qg3 Qe5 28. Bf4 Qf6 29. Be3 a5 0-1

[Event "Brno /Olexa/"]
[Site "Brno"]
[Date "2023.12.30"]
[Round "6"]
[White "Velim, Vojtech"]
[Black "Stary, Simon"]
[Result "1-0"]
[WhiteElo "1765"]
[BlackElo "1826"]
[PlyCount "59"]
[EventDate "2023.12.??"]
[EventType "tourn"]
[EventRounds "7"]

1. Nf3 c5 2. c4 Nc6 3. Nc3 g6 4. e3 e5 5. d4 exd4 6. exd4 cxd4 7. Nxd4 Bg7 8.
Be3 Nge7 9. Be2 O-O 10. O-O Ne5 11. Qd2 d5 12. c5 N7c6 13. Ndb5 a6 14. Nd4 Be6
15. Rad1 Qe7 16. Rfe1 Nxd4 17. Bxd4 Rfd8 18. a3 Nc4 19. Bxc4 dxc4 20. Qe3 Bxd4
21. Rxd4 Rxd4 22. Qxd4 Qd8 23. Qf4 Rc8 24. Ne4 Rc7 25. Nf6+ Kg7 26. Qxc7 Qxf6
27. Qxb7 Qf5 28. Qc7 Qc2 29. Qe5+ Kg8 30. c6 1-0

[Event "Brno /Olexa/"]
[Site "Brno"]
[Date "2023.12.30"]
[Round "6"]
[White "Hrdlicka, Vladan"]
[Black "Stara, Zuzana"]
[Result "1/2-1/2"]
[WhiteElo "1799"]
[BlackElo "1691"]
[PlyCount "95"]
[EventDate "2023.12.??"]
[EventType "tourn"]
[EventRounds "7"]

1. e4 c6 2. d4 d5 3. exd5 cxd5 4. Bd3 Nc6 5. c3 Qc7 6. Nf3 Bg4 7. h3 Bh5 8. O-O
e6 9. Re1 Bd6 10. Nbd2 Nf6 11. Nf1 O-O 12. Bg5 Be7 13. Ng3 Bg6 14. Bxg6 hxg6
15. Qd3 Nh7 16. h4 Bd6 17. Nf1 Ne7 18. Rad1 Nf5 19. Bc1 Nf6 20. g3 Ne4 21. Ng5
Nf6 22. Qf3 Rfe8 23. Nh3 b5 24. Bf4 Bxf4 25. Nxf4 Ne4 26. h5 Ne7 27. hxg6 Nxg6
28. Nxg6 fxg6 29. Qg4 Qf7 30. f3 Nd6 31. Re2 Qf5 32. Ne3 Qf7 33. Kg2 Nf5 34.
Rde1 a5 35. a3 Rab8 36. Qf4 b4 37. axb4 axb4 38. Nxd5 exd5 39. Kf2 Rxe2+ 40.
Rxe2 Re8 41. Re5 bxc3 42. bxc3 Ra8 43. Qd2 Nd6 44. Qe2 Ne4+ 45. Kg2 Nxc3 46.
Qe3 Nb5 47. Re7 {[#]} Qf8 48. Qe6+ 1/2-1/2

[Event "Brno /Olexa/"]
[Site "Brno"]
[Date "2023.12.30"]
[Round "6"]
[White "Blata, Frantisek"]
[Black "Matzner, Radomil"]
[Result "1-0"]
[WhiteElo "1732"]
[BlackElo "1740"]
[PlyCount "129"]
[EventDate "2023.12.??"]
[EventType "tourn"]
[EventRounds "7"]

1. d4 d5 2. c4 e6 3. Nf3 Nf6 4. Nc3 Be7 5. Bf4 O-O 6. e3 c6 7. Bd3 dxc4 8. Bxc4
Nd5 9. Bg3 Nxc3 10. bxc3 Qa5 11. Qc2 Nd7 12. O-O Nf6 13. Bd3 g6 14. Ne5 Nh5 15.
f4 Nxg3 16. hxg3 f5 17. a4 Bf6 18. Nc4 Qc7 19. a5 c5 20. Be2 cxd4 21. cxd4 Bd7
22. Qb3 Bc6 23. Rfc1 Bd5 24. Qb4 Be7 25. Qd2 Qd7 26. Ne5 Qd6 27. Bc4 Rfc8 28.
Bxd5 Qxd5 29. Rxc8+ Rxc8 30. Rc1 Qd8 31. Kh2 Bf6 32. Nd3 Rxc1 33. Qxc1 g5 34.
Qc4 Qe8 35. Nc5 Qh5+ 36. Kg1 Qd1+ 37. Kf2 Qd2+ 38. Qe2 Qxe2+ 39. Kxe2 gxf4 40.
gxf4 b6 41. axb6 axb6 42. Nxe6 Kf7 43. Nc7 Bd8 44. Nb5 Ke6 45. Kd3 h5 46. Kc4
Bh4 47. d5+ Kf6 48. Kd3 Be1 49. Nd4 Bb4 50. Nf3 Bc5 51. Ne5 Bd6 52. Nd7+ Ke7
53. Nxb6 Bc5 54. Nc4 Ba7 55. e4 fxe4+ 56. Kxe4 Bf2 57. Kf5 h4 58. Kg6 Bg3 59.
f5 Bf4 60. d6+ Kf8 61. Kf6 Ke8 62. Ke6 h3 63. gxh3 Bg5 64. Ne5 Be7 65. d7+ 1-0